000 01333nam a22003017a 4500
003 OSt
005 20250129145427.0
008 250129b |||||||| |||| 00| 0 eng d
010 _a 2003009554
020 _a085255866X (James Currey : cloth)
020 _a0852558651 (James Currey : cloth)
020 _a0253343623 (Indiana : cloth)
020 _a0253216486 (Indiana : pbk.)
040 _aMMARA-U
_cMMARA-U
_dMMARA-U
_beng
043 _af-so---
050 0 0 _aHC 850 .L57 2003
100 1 _aLittle, Peter D.
_92450
245 1 0 _aSomalia :
_beconomy without state /
_cPeter D. Little.
260 _aOxford :
_bInternational African Institute in association with James Currey ;
_aBloomington :
_bIndiana University Press ;
_aHargeisa :
_bBtec Books,
_c2003.
300 _axviii, 206 p. :
_bill. ;
_c23 cm.
440 0 _aAfrican issues
_92451
504 _aIncludes bibliographical references (p. 179-197) and index.
505 0 _aIntroduction to a stateless economy -- A land of livestock -- The destruction of rural-urban relations -- Tough choices -- Boom times in a bust state -- Life goes on.
650 0 _aInformal sector (Economics)
_zSomalia.
_92452
651 0 _aSomalia
_xEconomic conditions
_y1960-
_92453
856 4 1 _3Table of contents
_uhttp://www.loc.gov/catdir/toc/ecip043/2003009554.html
942 _2lcc
_cLOAN LOAN
999 _c33328
_d33325